Quiz dos Sete Reinos de Game of Thrones - Statistics

Estatísticas Gerais
  • Esse quiz foi jogado 281 vezes
    277 desde o último reset
  • A pontuação média é 37 de 72
Estatísticas das Respostas
Resposta % Correto
Lannister
89%
Stark
88%
Baratheon
84%
Leão
84%
Winterfell
83%
O Norte
82%
Snow
81%
Martell
79%
Greyjoy
78%
Tyrell
77%
Tully
76%
Targaryen
75%
Dragão de Três Cabeças
74%
Dorne
73%
Fortaleza Vermelha
73%
Arryn
72%
Rosa
72%
Truta Saltante
72%
Veado Coroado
70%
Sand
68%
As Ilhas de Ferro
66%
O Inverno está chegando
66%
Jardim de Cima
63%
Lobo Gigante
62%
Rochedo Casterly
62%
A Campina
59%
O Vale
59%
Ponta Tempestade
58%
Lança e Sol
55%
Ninho da Águia
55%
Ramsay Bolton
53%
Terras Fluviais
52%
Eddard Stark
51%
Lula Gigante
51%
Pyke
51%
Pyke
51%
Ouça-me Rugir
50%
Fogo e Sangue
48%
Terras da Tempestade
46%
Tywin Lannister
45%
Rivers
44%
Correrrio
43%
Flowers
43%
Lançassolar
43%
Robert Baratheon
42%
Storm
40%
Terras da Coroa
40%
Crescendo Fortes
39%
Nós Não Semeamos
39%
Terras Ocidentais
39%
Waters
39%
Stannis Baratheon
36%
Nossa é a Fúria
34%
Stone
33%
Tommen Baratheon
33%
Jon Arryn
32%
Família, Dever, Honra
31%
Doran Martell
30%
Doran Martell
30%
Mace Tyrell
30%
Mace Tyrell
30%
Falcão e Lua
29%
Robert Arryn
29%
Tyrion Lannister
28%
Euron Greyjoy
27%
Tão Alto Como a Honra
26%
Aerys II Targaryen
24%
Hoster Tully
24%
Emmon Frey
23%
Hill
20%
Insubmissos, Não Curvados, Não Quebrados
17%
Quellon Greyjoy
5%
Nenhum quiz correspondente encontrado
Distribuição das Pontuações
Porcentagem de Pessoas com Cada Pontuação
Percentil de Números Respondidos
Sua Pontuação Histórica
Você não jogou esse quiz desde o último reset